000 00457nam a2200193Ia 4500
008 101110s9999 xx 000 0 und d
041 _aENGLISH
082 _bJR1373
100 _aKembhavi B.R.
245 _aDigest of Banking Decisions
365 _b8
520 _aCommerce
546 _aENGLISH
630 _aDigest of Banking Decisions
650 _aCommerce
655 _aCommerce
730 _aDigest of Banking Decisions
942 _cBOOK
999 _c793752
_d793749